Quizzes
Events
Quiz Creation
Community
Videos
Private Events
Remove Ads
Sign In
Join for FREE
Feedback
Dark Mode
Quiz Categories
Sports
Geography
Music
Movies
Television
Just For Fun
Miscellaneous
History
Literature
Language
Science
Gaming
Entertainment
Religion
Holiday
For Kids
Quiz Lab
Recent
Popular Today
Quiz Kudos Today
Editor Picks
Curator Picks
Quizzes by...
Day
Popularity
Type
Ratings
Length
Year
Community
Subscriptions
Recent Discussions
Orange Saloon
Badges
Playlists
Quests
Create
Leaderboards
Showdown
Live 5
Trivia Bingo
Activity
Puzzle Library
Sporcle Events
Private Events
Virtual Trivia
Globe League
Become a Host
Pub Owners
SporcleCon
Opinionation
Our Games
Videos
Blog
Mobile Apps
Partnerships
Remove Ads and Go Orange
Feedback
Sports
Athletes
MLB
NBA
NHL
NFL
Soccer
Sports Teams
WWE
NCAA
Football
Premier League
Basketball
Baseball
Hockey
Golf
Tennis
Cricket
Rugby
Auto Racing
Olympics
World Cup
Sports
Athletes
MLB
NBA
NHL
NFL
Soccer
Sports Teams
WWE
NCAA
Football
Premier League
Basketball
Baseball
Hockey
Golf
Tennis
Cricket
Rugby
Auto Racing
Olympics
World Cup
Random Quiz
Search Sporcle
×
Quiz Lab
Quiz Lab
Sports
Football
Type in answers that appear in a list
Type in answers that appear in a list
Classic
Best Score? Go Orange.
Red Star Belgrade Squad 2010/2011 Stats
Can you name the Red Star Belgrade Squad 2010/2011?
By
redstar4ever
5m
26 Questions
17 Plays
17 Plays
17 Plays
Comments
Comments
Give Quiz Kudos
Give Quiz Kudos
-
- Ratings
hide this ad
Replay
Link that replays current quiz
Next Quiz
Link to next quiz in quiz playlist
You Got
0%
They Got
Avg Score
59%
Avg Friend Score
Upgrade to see
Score Distribution
Jump to the score distribution portion of the page
Score
0/26
Timer
05:00
0
Plays Today
Position
Answer
% Correct
Goalkeeper
Boban Bajković
100%
Coach
Robert Prosinečki
94.1%
Forward
Christian Borja
88.2%
Goalkeeper
Saša Stamenković
82.4%
Midfielder
Cadu
76.5%
Midfielder
Evandro
76.5%
Midfielder
Darko Lazović
76.5%
Defender
Pavle Ninkov
70.6%
Defender
Milan Vilotić
70.6%
Midfielder
Marko Vešović
70.6%
Forward
Andrija Kaluđerović
70.6%
Defender
Lee Addy
64.7%
Defender
Nikola Mikić
64.7%
Position
Answer
% Correct
Midfielder
Mohammed Aval Issah
64.7%
Defender
Duško Tošić
52.9%
Midfielder
Ognjen Koroman
52.9%
Forward
Slavko Perović
52.9%
Defender
Stevan Reljić
47.1%
Midfielder
Srđan Mijailović
47.1%
Forward
Aleksandar Jevtić
47.1%
Defender
Uroš Ćosić
41.2%
Midfielder
Dejan Milovanović
41.2%
Midfielder
Vladimir Bogdanović
35.3%
Defender
Danijel Mihajlović
29.4%
Goalkeeper
Marko Dmitrović
17.6%
Midfielder
Milan Jeremić
17.6%
Quiz Playlist
Details
Report
Send in Message
Add To Playlist
Classic:
Type in answers that appear in a list
Last Updated: Feb 16, 2017
Quiz Scoreboard
CHALLENGE
Sign Up to Join the Scoreboard
Show All
Scores
Hide
Comments
May contain spoilers
Recently Published
9x9 Crossword: Cartoon Network
by jackfrog10
Miscellaneous
3m
College Basketball Coaching Resumes
by pancakes188
Sports
9m
Billboard Blitz: Fleetwood Mac
by CooCooCachoo
Music
15s
More to Explore
Quiz From the Vault
Featured Blog Post
Where Did the Easter Bunny Come From?
hide this ad
You Might Also Like...
Tags
Football Quiz
Serbia
Today's Top Quizzes in Sports
Browse Sports
hide this ad
Today's Top Quizzes in Football
Browse Football
Top Contributed Quizzes in Sports
1
2022 World Cup Stars
2
Les meilleurs buteurs des matchs entre le PSG et l’OM
3
FIFA Club World Cup Champions
4
Les entraîneurs de l'OM et du PSG au 21e siècle
5
Criteria MLB: Left Handed Sluggers
6
AFC Teams Reveal (Wrong Answers Minefield)
7
2023 MLB Unique Player Accomplishments
8
5-to-1: FBS Animal Nicknames
9
Players with Multiple 50 Home Run Seasons
10
5-to-1: UK Sports Teams
Explore More
Trending Topics
NBA
Disney
Crossword
Kpop
Harry Potter
Anime
Marvel
Soccer
Song
The Office
Country
Puzzle
WWE
NFL
Pokémon
hide this ad
More By:
redstar4ever
Quiz
Plays
Rating
Category
Featured
Created
NBA Starting PGs of the Last Decade
36,947
4.77
Sports
Oct 11, 2016
NBA Starting SGs of the Last Decade
12,687
4.53
Sports
Oct 12, 2016
NBA Starting SFs of the Last Decade
11,467
4.91
Sports
Oct 12, 2016
NBA Starting Cs of the Last Decade
11,449
4.85
Sports
Oct 14, 2016
NBA Starting PFs of the Last Decade
10,168
4.86
Sports
Oct 13, 2016
Go to Creator's Profile
Score Distribution
Quiz Creator Spotlight
redstar4ever
Follow
Send a Message
Quizzes Created
-
Created Quiz Play Count
-
More By This Creator
Popular Quizzes Today
1
Find the US States - No Outlines Minefield
2
Find the Countries of Europe - No Outlines Minefield
3
The Countries of the World
4
Find the US States
5
Risky Map Clicking: Biggest States A-Z
6
US States
7
Popular People in 1961
8
Movies - When Are They Set?
More Sports Quizzes
2019 According to Meltzer
Quiz Lab
Trending Quizzes
Risky Map Clicking: Least Populous States A-Z
1-10 Letter G Words
1-10 Letter F Words
Risky Map Clicking: Next State Alphabetically
Adjectives in 80s TV Shows
Recently Updated
Leaping Animals
pecheneg
Reality TV Shows (A-Z)
bhenderson79
Rickey Henderson's Hall of Fame Teammates
pecheneg
Champions League XIs: Arsenal
pecheneg
Quick Pick: Celebrities in WWE's Hall of Fame
aduchscher
A-Z Keypad Blitz II
pecheneg
Multiple Oscar Actors
pecheneg
Mystery Phrase Blitz: Oscar 'Best Actors'
pecheneg
F. Scott Fitzgerald Novels
LTH
Pick 3 Villains
ddd62291
Trending Topics
NBA
Kpop
Disney
Anime
Harry Potter
Marvel
Crossword
Song
NFL
Puzzle
Pokémon
Soccer
WWE
Country
The Office
Your Account Isn't Verified!
In order to create a playlist on Sporcle, you need to verify the email address you used during registration. Go to your
Sporcle Settings
to finish the process.
Report this User
Report this user for behavior that violates our
Community Guidelines
.
Details:
Send Report
Go to the Sporcle.com Mobile Site →
Comments